Lịch sử văn học Việt Nam

Na minha lista:
Detalhes bibliográficos
Autor principal: Đặng Việt Ngoạn
Formato: Livro
Tags: Adicionar Tag
Sem tags, seja o primeiro a adicionar uma tag!
Thư viện lưu trữ: Mạng thư viện Đại học Đà Nẵng
LEADER 00651nam a2200205 4500
001 000004009
003 137
005 20150812140855.0
008 110714s sd
100 0 |a Đặng Việt Ngoạn 
245 0 0 |a Lịch sử văn học Việt Nam  |c Đặng Việt Ngoạn 
774 |a Đặng Việt Ngoạn  |d Khoa học xã hội  |d H.  |d 1980  |g Tập 1  |h 399 tr.  |n ĐTTS ghi: Uỷ ban khoa học xã hội Việt Nam  |w 139 
OWN |a LSP 
999 |a From the UDN01 
TYP |a Monograph 
TYP |a Printed language 
980 |a Mạng thư viện Đại học Đà Nẵng